书目信息 |
| 题名: |
点集拓扑学
|
|
| 作者: | 陆文钊 , 陈肇姜 编 | |
| 分册: | ||
| 出版信息: | 南京 南京大学出版社 1995.08 |
|
| 页数: | 210页 | |
| 开本: | 20cm | |
| 丛书名: | ||
| 单 册: | ||
| 中图分类: | O189.11 | |
| 科图分类: | ||
| 主题词: | 拓扑空间 | |
| 电子资源: | ||
| ISBN: | 7-305-01301-3 | |
| 000 | 00531nam0 2200193 45 | |
| 001 | 0105170848 | |
| 005 | 20070726092138.28 | |
| 010 | @a7-305-01301-3@dCNY8.00 | |
| 100 | @a20010517d1995 km y0chiy0120 ea | |
| 101 | 0 | @achi |
| 200 | 1 | @a点集拓扑学@ADian Ji Tuo Pu Xue@f陆文钊,陈肇姜编@FLu Wen Zhao,Chen ZhaoJiang Bian |
| 210 | @a南京@c南京大学出版社@d1995.08 | |
| 215 | @a210页@d20cm | |
| 606 | 0 | @a拓扑空间 |
| 690 | @aO189.11@v4 | |
| 701 | @a陆文钊@4编 | |
| 701 | 0 | @a陈肇姜@4编 |
| 801 | @aCN@bTSTC@c20070726 | |
| 905 | @dO189.11@e24 | |
| 点集拓扑学/陆文钊,陈肇姜编.-南京:南京大学出版社,1995.08 |
| 210页;20cm |
| ISBN 7-305-01301-3:CNY8.00 |
| ● |
| 相关链接 |
|
|
|
|
正题名:点集拓扑学
索取号:O189.11/24
 
预约/预借
| 序号 | 登录号 | 条形码 | 馆藏地/架位号 | 状态 | 备注 |
| 1 | 0297092 | 202970927 | 第三借阅区/ [索取号:O189.11/24] | 在馆 | |
| 2 | 0297093 | 202970936 | 第三借阅区/ [索取号:O189.11/24] | 在馆 | |
| 3 | 0297094 | 202970945 | 第三借阅区/ [索取号:O189.11/24] | 在馆 | |
| 4 | 0297095 | 202970954 | 第二样本阅览室/ [索取号:O189.11/24] | 在馆 | |
| 5 | 0788249 | 207882497 | 密集书库/ [索取号:O189.11/24] | 在馆 |